| 000 | 00750nam a22002177a 4500 | ||
|---|---|---|---|
| 999 |
_c11750 _d11750 |
||
| 003 | AR-CdUCM | ||
| 008 | 190404b ||||| |||| 00| 0 spa d | ||
| 040 |
_aMUNICIPALIDAD PROVINCIAL DEL CUSCO _cBIBLIOTECA MUNICIPAL DEL CUSCO |
||
| 082 |
_a980.9 / _bP45 / 1805 |
||
| 100 |
_aPlatón _917519 |
||
| 245 |
_aLa república de Platón : _bcoloquios sobre la justicia / |
||
| 260 |
_aMadrid : _bImp. de Don José Collado, _c1805. |
||
| 300 |
_a263 páginas ; _c18 cm. |
||
| 505 | _aContenido: Vida de Sócrates -- La vida de Platón -- La república de Platón ... | ||
| 650 |
_aEstado _9738 |
||
| 650 |
_aFilosofía _9395 |
||
| 650 |
_aCiencia política _91775 |
||
| 700 |
_aD. J. T. Y. G. _929260 |
||
| 942 |
_2ddc _cLIBROS |
||
| 945 |
_aacv _d04/04/2019 |
||